[Event "Aragon-chT Preferente B"]
[Site "Aragon"]
[Date "2013.03.02"]
[Round "6.72"]
[White "Galvez Longas, Isaac"]
[Black "Orriach Gonzalez, Juan Manuel"]
[Result "1/2-1/2"]
[WhiteElo "1673"]
[BlackElo "1782"]
[PlyCount "129"]
[EventDate "2013.01.26"]
[EventType "team"]
[EventRounds "9"]
[EventCountry "ESP"]
[SourceTitle "EXT 2014"]
[Source "ChessBase"]
[SourceDate "2013.11.20"]
[SourceVersion "1"]
[SourceVersionDate "2013.11.20"]
[SourceQuality "1"]
[WhiteTeam "Ejea"]
[BlackTeam "IberCaja III"]
[WhiteTeamCountry "ESP"]
[BlackTeamCountry "ESP"]

1. c4 Nf6 2. Nc3 c5 3. g3 g6 4. Bg2 Bg7 5. Nf3 0-0 6. 0-0 d6 7. d3 Na6 8. Rb1 Nc7 9. Bg5 Bd7 10. Qd2 Re8 11. b4 cxb4 12. Rxb4 Rb8 13. Rfb1 b6 14. R4b3 Qc8 15. Ra3 a6 16. Rab3 b5 17. cxb5 axb5 18. a4 Qa6 19. axb5 Nxb5 20. Nxb5 Rxb5 21. Rxb5 Bxb5 22. Nd4 Bd7 23. Nc2 Qa2 24. Rb7 Ba4 25. Nb4 Qb1+ 26. Qc1 Qxc1+ 27. Bxc1 Rc8 28. Bd2 e6 29. Ra7 Bd1 30. e3 h6 31. Ra8 Rxa8 32. Bxa8 Ba4 33. d4 d5 34. Bc6 Bb3 35. f3 Bc4 36. Kf2 Bf8 37. Ba4 Kg7 38. Nc6 Bd6 39. Bb4 Bc7 40. Ne5 Bxe5 41. dxe5 Ng8 42. Bd7 h5 43. Ke1 Nh6 44. Kf2 g5 45. Be7 g4 46. Bg5 gxf3 47. Bxh6+ Kxh6 48. Kxf3 Bd3 49. Kf4 Bg6 50. Be8 Kg7 51. Kg5 Kf8 52. Bb5 Kg7 53. Be2 Be4 54. Bxh5 Bh7 55. Be2 Be4 56. h4 Bc2 57. h5 Be4 58. Bb5 Bc2 59. g4 Be4 60. h6+ Kf8 61. Kf6 Bg6 62. Bd7 Be4 63. Bb5 Bg6 64. Kg5 Ke7 65. Kf4 1/2-1/2

[Event "Aragon-chT Preferente B"]
[Site "Aragon"]
[Date "2013.02.16"]
[Round "4.71"]
[White "Landa Garriga, Francisco Javier"]
[Black "Orriach Gonzalez, Juan Manuel"]
[Result "1/2-1/2"]
[WhiteElo "1900"]
[BlackElo "1782"]
[PlyCount "77"]
[EventDate "2013.01.26"]
[EventType "team"]
[EventRounds "9"]
[EventCountry "ESP"]
[SourceTitle "EXT 2014"]
[Source "ChessBase"]
[SourceDate "2013.11.20"]
[SourceVersion "1"]
[SourceVersionDate "2013.11.20"]
[SourceQuality "1"]
[WhiteTeam "Aragon ONCE II"]
[BlackTeam "IberCaja III"]
[WhiteTeamCountry "ESP"]
[BlackTeamCountry "ESP"]

1. e4 e6 2. d4 d5 3. e5 c5 4. c3 Nc6 5. Nf3 Qb6 6. a3 Bd7 7. b4 cxd4 8. cxd4 Nge7 9. Nc3 Rc8 10. Na4 Qc7 11. Bb2 a6 12. Rc1 h5 13. Bd3 g6 14. Nc5 Bh6 15. Rc2 Nf5 16. 0-0 0-0 17. h3 Ra8 18. g4 hxg4 19. hxg4 Nfe7 20. Bc1 Bg7 21. Bg5 f6 22. exf6 Bxf6 23. Be3 e5 24. dxe5 Bxe5 25. Nxe5 Nxe5 26. f3 N7c6 27. Bxg6 d4 28. Nxd7 Qxd7 29. Bf5 Rxf5 30. gxf5 dxe3 31. Rg2+ Kf7 32. Qb3+ Kf6 33. Rd1 Nxf3+ 34. Kf1 Nd2+ 35. Rdxd2 exd2 36. Rg6+ Kxf5 37. Qh3+ Kxg6 38. Qxd7 Rd8 39. Qe6+ 1/2-1/2

[Event "Aragon-chT Honor GrA "]
[Site "Aragon"]
[Date "2012.02.04"]
[Round "1.4"]
[White "Navarro Castan, Jesus"]
[Black "Orriach Gonzalez, Juan Manuel"]
[Result "1/2-1/2"]
[WhiteElo "1875"]
[BlackElo "1787"]
[PlyCount "105"]
[EventDate "2012.02.04"]
[EventType "team-tourn"]
[EventRounds "7"]
[EventCountry "ESP"]
[SourceTitle "EXT 2014"]
[Source "ChessBase"]
[SourceDate "2013.11.20"]
[SourceVersion "1"]
[SourceVersionDate "2013.11.20"]
[SourceQuality "1"]
[WhiteTeam "Ramiro II"]
[BlackTeam "IberCaja II"]
[WhiteTeamCountry "ESP"]
[BlackTeamCountry "ESP"]

1. e4 e6 2. d4 d5 3. Nc3 Nf6 4. e5 Nfd7 5. f4 c5 6. Nf3 Nc6 7. Be3 Qb6 8. dxc5 Bxc5 9. Bxc5 Nxc5 10. Rb1 Qb4 11. Qd2 d4 12. Nb5 Qxd2+ 13. Kxd2 0-0 14. Nbxd4 Rd8 15. c3 Ne7 16. Bc4 Bd7 17. Ke3 a6 18. a3 Rac8 19. Ba2 Na4 20. Nd2 b5 21. Ne4 Nb6 22. Nd6 Rc7 23. g3 Nbd5+ 24. Bxd5 Nxd5+ 25. Ke2 Bc6 26. Nxc6 Rxc6 27. Rhd1 f6 28. Ne4 Kf7 29. Rd2 Ke7 30. Rbd1 Rdc8 31. Nf2 f5 32. Nd3 a5 33. Ne1 Rc5 34. Rd4 R8c7 35. Nf3 Rc4 36. R4d2 R4c6 37. Nd4 Rb6 38. Nxe6 Nxc3+ 39. bxc3 Rxe6 40. Rd3 g5 41. Rb1 Rc5 42. Rbd1 Rc7 43. Kd2 gxf4 44. gxf4 Rc4 45. Rd4 Rh6 46. Rh1 Rc5 47. h4 Rg6 48. Kc2 Rg2+ 49. Kb3 Rg3 50. Rhd1 Rcxc3+ 51. Kb2 Rb3+ 52. Kc2 Rbc3+ 53. Kb2 1/2-1/2

[Event "Mislata op-C"]
[Site "Mislata"]
[Date "2010.08.19"]
[Round "5"]
[White "Orriach Gonzalez, Juan Manuel"]
[Black "Fuset Torralba, Jose Luis"]
[Result "1/2-1/2"]
[WhiteElo "1764"]
[BlackElo "1878"]
[PlyCount "70"]
[EventDate "2010.08.16"]
[EventType "swiss"]
[EventRounds "9"]
[EventCountry "ESP"]
[SourceTitle "EXT 2012"]
[Source "ChessBase"]
[SourceDate "2011.11.24"]
[SourceVersion "1"]
[SourceVersionDate "2011.11.24"]
[SourceQuality "1"]

1. d4 Nf6 2. Bg5 e6 3. e4 h6 4. Bxf6 Qxf6 5. g3 c5 6. c3 cxd4 7. Qxd4 Qxd4 8. cxd4 Nc6 9. Nf3 g5 10. h3 Bg7 11. e5 a6 12. Nc3 f6 13. exf6 Bxf6 14. Rd1 d5 15. Bg2 Bd7 16. 0-0 0-0 17. Rfe1 Rad8 18. Na4 Nxd4 19. Nxd4 Bxa4 20. Nxe6 Bxd1 21. Rxd1 d4 22. Nxd8 Rxd8 23. Bxb7 a5 24. Ba6 Kf7 25. Bc4+ Kg7 26. b3 Be7 27. a4 Bb4 28. Rd3 Bc3 29. Rf3 Rd7 30. Kg2 Re7 31. h4 Rd7 32. hxg5 hxg5 33. Bd3 Rd5 34. g4 Re5 35. Rh3 Rc5 1/2-1/2

[Event "Provincial-ch Valencia Primera"]
[Site "Valencia"]
[Date "2009.10.31"]
[Round "3"]
[White "Orriach Gonzalez, Juan Manuel"]
[Black "Hernandez Blasco, Fco Javier"]
[Result "0-1"]
[WhiteElo "1750"]
[BlackElo "1698"]
[PlyCount "34"]
[EventDate "2009.10.03"]
[EventType "swiss"]
[EventRounds "7"]
[EventCountry "ESP"]
[SourceTitle "EXT 2024"]
[Source "ChessBase"]
[SourceDate "2023.10.10"]
[SourceVersion "1"]
[SourceVersionDate "2023.10.10"]
[SourceQuality "1"]

1. d4 e6 2. Nf3 d5 3. Bf4 c5 4. e3 Nf6 5. c3 Nc6 6. Nbd2 cxd4 7. exd4 Bd6 8. Bxd6 Qxd6 9. Bd3 0-0 10. 0-0 Re8 11. Re1 e5 12. dxe5 Nxe5 13. Nxe5 Rxe5 14. Qc2 Rh5 15. g3 Bh3 16. f3 Qc5+ 17. Kh1 Qf2 0-1

[Event "Provincial-ch Valencia Primera"]
[Site "Valencia"]
[Date "2009.10.03"]
[Round "1"]
[White "Orriach Gonzalez, Juan Manuel"]
[Black "Montes Candel, Jose Miguel"]
[Result "1-0"]
[WhiteElo "1750"]
[BlackElo "1737"]
[PlyCount "91"]
[EventDate "2009.10.03"]
[EventType "swiss"]
[EventRounds "7"]
[EventCountry "ESP"]
[SourceTitle "EXT 2024"]
[Source "ChessBase"]
[SourceDate "2023.10.10"]
[SourceVersion "1"]
[SourceVersionDate "2023.10.10"]
[SourceQuality "1"]

1. d4 d5 2. Nf3 Nf6 3. Bf4 Nc6 4. e3 Bf5 5. Bd3 Qd7 6. c3 Bxd3 7. Qxd3 e6 8. Nbd2 Bd6 9. Bxd6 Qxd6 10. a3 a6 11. Rc1 0-0 12. 0-0 Rfe8 13. Rfd1 Rab8 14. c4 e5 15. dxe5 Nxe5 16. Nxe5 Rxe5 17. Nf3 Rh5 18. Qb3 b6 19. c5 Qe6 20. Nd4 Qe5 21. g3 Ng4 22. cxb6 Qf6 23. f4 Rxb6 24. Rxc7 g5 25. Qxd5 Rxb2 26. Rc8+ Kg7 27. Nf5+ Qxf5 28. Qxf5 Rg2+ 29. Kxg2 Nxe3+ 30. Kg1 Nxf5 31. Rd5 Ne7 32. Rcd8 Nxd5 33. Rxd5 Kg6 34. Rd6+ f6 35. fxg5 Rxg5 36. Rxa6 Rf5 37. Ra8 Kg7 38. a4 h5 39. a5 h4 40. gxh4 Rh5 41. a6 Rxh4 42. Rb8 Ra4 43. Rb7+ Kg6 44. a7 Kf5 45. Kg2 Ra5 46. Rb5+ 1-0